000 02496nam a22001697a 4500
003 NUST
082 _a005.8,KHA
100 _aKhan, Shahzeb
_9124652
245 _aAdvance Password Manager (APM) /
_cGC Shahzeb Khan, GC Mehroz Mumtaz, GC Salman Khalil Butt.
264 _aMCS, NUST
_bRawalpindi
_c2024
300 _axii, 79 p
505 _aThe goal of the Advanced Password Manager (APM) project is to create a state-of-the-art application that will tackle the difficulties involved in managing passwords. It's critical to give consumers a safe and convenient way to handle their login credentials in the current digital environment, where security lapses are common. Modern encryption methods and sophisticated algorithms are used by APM to guarantee the integrity and security of passwords that are stored. In addition to safe password generation, storage, and retrieval, the system has an easy-to-use interface that makes navigating around it a breeze. Through putting security, usability, and performance first, APM hopes to transform the way people protect their digital identities. In the wake of increasing cybersecurity threats, individuals and organizations alike require reliable solutions to manage their digital credentials securely. The APM project addresses this need by implementing robust encryption standards to ensure that stored passwords are impervious to unauthorized access. Additionally, the application incorporates secure hashing techniques and salted hashes to further safeguard stored data against potential breaches. Moreover, the APM enhances user convenience through its intelligent password generation feature, which creates strong, unique passwords that meet the latest security standards. The application also includes alert mechanisms that notify users when their passwords are due for an update, thereby mitigating risks associated with outdated credentials. APM is designed not only for personal use but also for enterprise environments, providing scalability and multi-user support. By integrating advanced cryptographic techniques with a user-friendly interface, APM aims to become an indispensable tool in the realm of digital security. Through this innovative approach, APM aspires to redefine how individuals and organizations safeguard their digital identities, ensuring peace of mind in an increasingly digital world.
650 _aUG BEIS
_9124639
690 _bBEIS-01
_9124640
700 _aSupervisor Maj Bilal Ahmed
_9124651
942 _2ddc
_cPR
999 _c610456
_d610456